000 00783nam a22001937a 4500
003 OSt
005 20240903094915.0
008 240903b ||||| |||| 00| 0 eng d
040 _cAIMIT LIBRARY
100 _aSequeira, Oshwin Priyanka.
_e2216121
_9178512
245 _aOrganizational virtuousness :
_bdeterminants and its impact on thriving at work- a study with special reference to SCDCC bank, Mangalore /
_cBy Oshwin Priyanka Sequeirs ; Guided by Justine James.
260 _aMangalore ;
_c2024.
650 _aLiterature review
_9178513
650 _aResearch hypothesis
_9178514
650 _aStatistical tools
_9178515
700 _aJames, Justine.
_eGuide
_9178516
856 _3The South Canara District Central Co-operative Bank Ltd.
_ywww.scdccbank.com
942 _2ddc
_cPRO
999 _c231708
_d231708